| 000 | 00917nam a2200205Ii 4500 | ||
|---|---|---|---|
| 003 | JO-AjNU | ||
| 008 | 230605s9999||||xx |||||||||||||| ||und|| | ||
| 017 | _a2005/4/824 | ||
| 040 |
_aJO-AjNU _bara _erda _cJO-AjNU |
||
| 041 | _aara | ||
| 050 | 1 | 4 | _aLB1591.J826 2005 |
| 100 | 3 |
_aجودي،محمد حسين مؤلف/العبيدي،محمود رشيد مشرف لغوي, _eauthor _922498 |
|
| 245 | 0 | 0 | _aالأبعاد التربوية والنفسية والجمالية في فنون الأطفال ودور البيئة في تنمية القدرات الإبداعية لديهم وبناء شخصيتهم الوطنية والقومية في الفن |
| 264 | 3 | 1 | _aد.ن |
| 300 | _a159ص | ||
| 336 |
_atext _btxt _2rdacontent |
||
| 337 |
_aunmediated _bn _2rdamedia |
||
| 338 |
_avolume _bnc _2rdacarrier |
||
| 650 | 4 |
_aالرسم-جوانب نفسية. رسوم الأطفال- جوانب نفسية _922499 |
|
| 999 |
_aA7996 _c11564 _d11564 |
||